Normal view
MARC view
Entry Personal Name
001 - CONTROL NUMBER
- control field: 40874
003 - CONTROL NUMBER IDENTIFIER
- control field: ARRUPE
005 - DATE AND TIME OF LATEST TRANSACTION
- control field: 20180322113921.0
008 - FIXED-LENGTH DATA ELEMENTS
- fixed length control field: 180322|| aca||aabn | a|a d
040 ## - CATALOGING SOURCE
- Original cataloging agency: ARRUPE
- Transcribing agency: ARRUPE
100 ## - HEADING--PERSONAL NAME
- Personal name: Eliade, Mircea
- Dates associated with a name: 1907-1986
670 ## - SOURCE DATA FOUND
- Source citation: Work cat.: (ARRUPE): Eliade, Mircea 17672, Autobiography , 1990